000 00457nam a2200193Ia 4500
005 20240823035315.0
008 240823s9999||||xx |||||||||||||| ||und||
020 _a978-0-14-36543-2
041 _aENGLISH
082 _A823 P8
100 _aKhushwant Singh
245 0 _aRanjit Singh Maharaja of the Punjab
250 _a1st
260 _c2008
_b"Penguin Books,En"
500 _aYES
650 _aMaharaja
_bGeneral
942 _cBK
999 _c200372
_d200372